LEADER 00579nam a2200169 i 4500 001 000000254611 003 CaOOAMICUS 005 20170612000000.0 008 170612s1841 it u000 u ita u 013 $a233516 040 $aSeMil$bita 245 10$aTomo 12. 300 $a372 p. 773 0 $aGiannone, Pietro <1676-1748>$tIstoria civile del Regno di Napoli.$dCapolago : Tipografia Elvetica, 1840-1841.$g12$w()13571 850 $aSeMil 852 $aSeMil$W1$xVenegono$y1$m3V VII 174 FA$j204957$B204957$CSeMilBibl$Z2$F218478 $8I 996 $6245$aTomo 12$9(OLS)http://semarc/title/296683 LEADER 00482nab a2200133 i 4500 001 000000307839 003 CaOOAMICUS 005 20180831172924.0 008 180831n xx uu u0 0fre r 013 $a16706 040 $aSeMil$bita 245 10$aBulletin augustinien pour 2008/2009 et compléments d'années antérieures. 773 0 $t[vedi periodico].$gp.329-379$w()273065 996 $6245$aBulletin augustinien pour 2008/2009 et compléments d'années antérieures.$9(OLS)http://semarc/title/383151